WSZYSTKIE numery Trenera Pawła - Statystyki

Ogólne statystyki
  • Ten quiz został rozwiązany 4 razy
  • Średni wynik to 10 z 17
Statystyki odpowiedzi
Numer Tytuł % Poprawnych
12 siłownia
100%
1 Wielkie chłopy
100%
5 chudy szczur
67%
9 crossfit
67%
10 fighter
67%
3 masa 24h
67%
2 nogi
67%
6 sauna
67%
4 strongman
67%
16 styl
67%
7 trójbój
67%
8 weganizm
67%
11 zły sen
67%
14 masa nie spada
33%
13 melanż u trenera
33%
17 piniondze
33%
15 protest
0%
Nie znaleziono quizów pasujących do podanych kryteriów
Rozkład punktacji
Procent ludzi z każdym wynikiem
Percentyl według liczby udzielonych odpowiedzi
Twoja historia wyników
Nie rozwiązałeś tego quizu